| 000 | 00390 a2200145 4500 | ||
|---|---|---|---|
| 003 | Nust | ||
| 005 | 20170207154037.0 | ||
| 040 | _cNust | ||
| 100 | _aJun Peng | ||
| 245 |
_aCommunications and Networking (E-Book) _cJun Peng |
||
| 260 |
_aIndia _bPublished by Sciyo Janeza Trdine 9, 51000 Rijeka, Croatia _c2010 |
||
| 300 | _avi.434.p | ||
| 650 | _aTelecommunication engineering. | ||
| 651 | _aE-Book | ||
| 942 |
_2ddc _cBK |
||
| 999 |
_c192424 _d192424 |
||